Statistics for Seattle Kraken Roster 2022

Click here to take the quiz!

General Stats

  • This quiz has been taken 267 times
    (152 since last reset)
  • The average score is 13 of 23

Answer Stats

Pos, #BirthplacePlayer% Correct
F, 7Saskatchewan, CANJordan Eberle
88%
G, 31Bayern, DEUPhilipp Grubauer
85%
F, 16Ontario, CANJared McCann
79%
F, 37Quebec, CANYanni Gourde
71%
D, 6Västerbotten, SWEAdam Larsson
68%
D, 29Ontario, CANVince Dunn
68%
F, 10Massachusetts, USAMatty Beniers
66%
F, 95Kärnten, AUTAndré Burakovsky
64%
F, 22Midtjylland, DENOliver Bjorkstrand
62%
G, 30British Columbia, CANMartin Jones
59%
F, 13Ontario, CANBrandon Tanev
56%
F, 21Stockholm, SWEAlex Wennberg
55%
F, 91Noord-Holland, NEDDaniel Sprong
53%
F, 17Saskatchewan, CANJaden Schwartz
53%
D, 24Ontario, CANJamie Oleksiak
53%
F, 67Manitoba, CANMorgan Geekie
46%
F, 51Ontario, CANShane Wright
44%
D, 8Saskatchewan, CANCale Fleury
43%
D, 28Alberta, CANCarson Soucy
38%
F, 9Massachusetts, USARyan Donato
38%
D, 4British Columbia, CANJustin Schultz
37%
D, 3Minnesota, USAWill Borgen
33%
F, 25Minnesota, USAKarson Kuhlman
13%

Score Distribution

Percentile by Number Answered

Percent of People with Each Score

Your Score History

You have not taken this quiz since the last reset